000
00322nam a22001457a 4500
020
_a
81-88682-03-9
082
_a
001
_b
TRE/F
100
_a
TREND SETTERS
245
_a
FACT FINDER 3
250
_a
FIRST EDITION
260
_a
DELHI
_b
TREND SETTERS
_c
2003
300
_a
56
650
_a
GENERAL KNOWLEDGE
_z
INDIA
942
_c
BK
999
_c
6316
_d
6316